000
00342nam a22001577a 4500
003
OSt
008
240123b |||||||| |||| 00| 0 eng d
020
_a
9780670095209
082
_a
813
_b
COA
100
_a
COELHO,Paulo
245
_a
The Archer
250
_a
1st Ed
260
_a
UK
_b
Penguin Books
_c
2020
300
_a
130
942
_2
ddc
_c
BK
999
_c
12194
_d
12194